LEADER 01102nam a2200241 u 4500 001 000000083333 003 CaOOAMICUS 005 20070226123947.0 008 050504s1929 be a u000 u fre u 035 $a11044686 040 $aPUL(R)$bita 100 1 $aVandervorst, Joseph,$csac.$0(OLS)http://pul/name/55034 245 10$aIsraël et l'Ancien Orient /$cJ. Vandervorst ; préfacé en première edition par S. Em. le Cardinal Mercier. 260 $aBruxelles :$bAlbert Dewit,$c1929. 300 $axvi, 452 p., 16 p. di tav., :$bill. (c. geogr. ripieg.) ;$c24 cm 504 $aBibliografia in nota. 651 4$aIsraele$xAntichità.$0(OLS)http://pul/subject/25404 700 1 $aMercier, Désiré Félicien François Joseph,$ccard.,$d1851-1926.$0(OLS)http://pul/name/2411 850 $aPUL 852 $aPUL$W1$xDP1 Fondo Cecchetti$y53$m264 C 44$j106034$nBK-PRI$b $qFondi$B106034$CPULBib$Z2$F106034 $H $81 941 1 $a1 996 $6245$aIsraël et l'Ancien Orient$9(OLS)http://pul/title/108663 996 $6260$aBruxelles :$bAlbert Dewit$9(OLS)http://pul/publisher/76530 LEADER 01207nam a2200289 u 4500 001 000000092687 003 CaOOAMICUS 005 20070226124951.0 008 060719s2006 gw u000 u ger u 020 $a3170193201 035 $a11095840 040 $aPUL$bita 100 1 $aVeith, Werner.$0(OLS)http://pul/name/59775 245 10$aIntergenerationelle Gerechtigkeit :$bEin Beitrag zur sozialethischen Theoriebildung /$cWerner Veith. 260 $aStüttgart :$bKohlhammer,$cc2006. 300 $a208 p. ;$c24 cm 490 1 $aForum Systematik ;$vBd. 25 500 $aComprende indici. 504 $aBibliografia p. 187-203. 650 4$aEtica sociale.$0(OLS)http://pul/subject/548 830 0$aForum Systematik ;$vBd. 25.$0(OLS)http://pul/title/99389 850 $aPUL 852 $aPUL$W1$xSL Religione 1$y3$m54 M 25$j116539$nBK-PRI$b $qStampati$B116539$CPULBib$Z2$F116539 $HPUL101943 $81 941 1 $a8 996 $6020$a3170193201$9(OLS)http://pul/number/121878 996 $6245$aIntergenerationelle Gerechtigkeit :$bEin Beitrag zur sozialethischen Theoriebildung$9(OLS)http://pul/title/119604 996 $6260$aStüttgart :$bKohlhammer$9(OLS)http://pul/publisher/50537